[Event "30th Klatovy A 2024"]
[Site "Klatovy CZE"]
[Date "2024.07.03"]
[Round "5.18"]
[White "Slivova, Linda"]
[Black "Pick, Stepan"]
[Result "1-0"]
[WhiteElo "1842"]
[BlackElo "1919"]
[PlyCount "37"]
[EventDate "2024.06.29"]
[EventType "swiss"]
[EventRounds "9"]
[EventCountry "CZE"]

1. d4 f5 2. Bg5 g6 3. Nc3 Bg7 4. e3 Nf6 5. h4 h6 6. Bxf6 Bxf6 7. Bd3 d6 8. g4 e6 9. Nge2 Qe7 10. Nf4 Qf7 11. Qe2 Nc6 12. O-O-O Bd7 13. gxf5 gxf5 14. Nh5 Be7 15. d5 exd5 16. Bb5 O-O-O 17. Nxd5 Rdg8 18. Bc4 Be6 19. Nhf4 1-0

[Event "30th Klatovy A 2024"]
[Site "Klatovy CZE"]
[Date "2024.07.03"]
[Round "5.19"]
[White "Paldus, Jan"]
[Black "Feierfeil, Jiri"]
[Result "0-1"]
[WhiteElo "1828"]
[BlackElo "1717"]
[PlyCount "118"]
[EventDate "2024.06.29"]
[EventType "swiss"]
[EventRounds "9"]
[EventCountry "CZE"]

1. e4 c5 2. Nf3 d6 3. d4 cxd4 4. Nxd4 Nf6 5. Nc3 a6 6. a4 Nc6 7. Nxc6 bxc6 8. Be2 e6 9. Be3 Be7 10. O-O O-O 11. f4 Qc7 12. Bf3 a5 13. Ne2 d5 14. e5 Nd7 15. Nd4 Ba6 16. Rf2 g6 17. Qd2 Rfc8 18. Nb3 Bc4 19. Nc1 Rab8 20. b3 Ba6 21. Bd4 c5 22. Bc3 Bd8 23. Na2 Qb6 24. Rd1 d4 25. Ba1 Qa7 26. Be2 Bb6 27. Bxa6 Qxa6 28. Rf3 Rd8 29. Qd3 Qb7 30. Kf1 Qc6 31. Qc4 Rbc8 32. c3 Qe4 33. Qd3 Qa8 34. cxd4 cxd4 35. Qe2 Qa7 36. Rfd3 Nb8 37. Qe4 Nc6 38. Rc1 Rd5 39. Rc4 Qd7 40. Bb2 Bc5 41. Bc1 h5 42. Bd2 Rb8 43. Qe1 Qd8 44. h3 Kg7 45. g4 hxg4 46. hxg4 g5 47. Rh3 d3 48. Qe4 Qg8 49. Rxd3 Rxd3 50. Qxd3 Rd8 51. Qe2 Rd5 52. Be3 Bxe3 53. Qxe3 Qh7 54. Kg2 Qb1 55. Qf2 Qd1 56. Nc3 Qxg4+ 57. Kh2 Rd3 58. Qg2 Qh4+ 59. Kg1 Rg3 0-1

[Event "30th Klatovy A 2024"]
[Site "Klatovy CZE"]
[Date "2024.07.03"]
[Round "5.20"]
[White "Roubik, Vit"]
[Black "Simek, Vladimir"]
[Result "1-0"]
[WhiteElo "1813"]
[BlackElo "1805"]
[PlyCount "85"]
[EventDate "2024.06.29"]
[EventType "swiss"]
[EventRounds "9"]
[EventCountry "CZE"]

1. d4 c6 2. c4 d5 3. Nf3 g6 4. g3 Bg7 5. cxd5 cxd5 6. Bg2 e6 7. O-O Ne7 8. Nc3 Nbc6 9. Bf4 O-O 10. Rc1 Nf5 11. e3 a6 12. g4 Nd6 13. Ne5 Nxe5 14. Bxe5 Bxe5 15. dxe5 Nc4 16. b3 Nxe5 17. f4 Nc6 18. g5 b5 19. Nxd5 exd5 20. Rxc6 Qe7 21. Qd2 Bb7 22. Rc3 Rad8 23. Rfc1 Rd7 24. Bh3 d4 25. exd4 Qe4 26. Bxd7 Qh1+ 27. Kf2 Qxh2+ 28. Ke1 Qh1+ 29. Ke2 Qg2+ 30. Ke1 Qg1+ 31. Ke2 Qg2+ 32. Kd1 Bf3+ 33. Kc2 Be4+ 34. Rd3 Bxd3+ 35. Kxd3 Qd5 36. Bg4 Rd8 37. Qe3 b4 38. Rc8 Qb5+ 39. Kd2 Rxc8 40. Bxc8 Qa5 41. Qe8+ Kg7 42. Qe5+ Qxe5 43. fxe5 1-0